| 000 -LEADER |
| fixed length control field |
01580 a2200229 4500 |
| 003 - CONTROL NUMBER IDENTIFIER |
| control field |
Nust |
| 005 - DATE AND TIME OF LATEST TRANSACTION |
| control field |
20170207153117.0 |
| 010 ## - LIBRARY OF CONGRESS CONTROL NUMBER |
| LC control number |
99037546 |
| 020 ## - INTERNATIONAL STANDARD BOOK NUMBER |
| International Standard Book Number |
0130125075 |
| 040 ## - CATALOGING SOURCE |
| Transcribing agency |
Nust |
| 082 00 - DEWEY DECIMAL CLASSIFICATION NUMBER |
| Classification number |
005.133 |
| 100 1# - MAIN ENTRY--PERSONAL NAME |
| Personal name |
Deitel, Harvey M., |
| 245 10 - TITLE STATEMENT |
| Title |
Java :how to program / |
| Statement of responsibility, etc. |
H.M. Deitel, P.J. Deitel. |
| 250 ## - EDITION STATEMENT |
| Edition statement |
3rd ed. |
| 260 ## - PUBLICATION, DISTRIBUTION, ETC. |
| Place of publication, distribution, etc. |
Upper Saddle River, NJ : |
| Name of publisher, distributor, etc. |
Prentice Hall, |
| Date of publication, distribution, etc. |
1999. |
| 300 ## - PHYSICAL DESCRIPTION |
| Extent |
lx, 1355 p. : |
| Other physical details |
col. ill. ; |
| Dimensions |
24 cm. + |
| Accompanying material |
1 computer optical disc (4 3/4 in.). |
| 440 #0 - SERIES STATEMENT/ADDED ENTRY--TITLE |
| Title |
How to program series |
| 505 ## - FORMATTED CONTENTS NOTE |
| Formatted contents note |
Introduction to Computers, the Internet and the Web(Page-1), Introduction to Java Applications (Page-35), Introduction to Java Applets (Page-76), Control Structures: Part 1(Page-112), Control Structures: Part 2 (Page-157), Methods (Page-202), Arrays (Page-268), Object-Based Programming (Page-324), Object-Oriented Programming (Page-384), Strings and Characters (Page-455), Graphics and Java 2D (Page-513), Basic Graphical User Interface Components (Page-556), Advanced Graphical User Interfaces (Page-625), Exception Handling (Page-698), Multithreading (Page-733), Multimedia: Images, Animation, Audio and Video (Page-774), Files and Streams (Page-817), Java Database Connectivity (JDBC) (Page-886), Servlets (Page-935), Remote Method Invocation (RMI) (Page-980), Networking (Page-1002), Data Structures (Page-1051), Java Utilities Package and Bit Manipulation (Page-1101), Collections (Page-1150), Java Beans(Page-1184), |
| 538 ## - SYSTEM DETAILS NOTE |
| System details note |
Almeria No 5 and Shelf no 4 |
| 650 #0 - SUBJECT ADDED ENTRY--TOPICAL TERM |
| Topical term or geographic name entry element |
Java (Computer program language) |
| 700 1# - ADDED ENTRY--PERSONAL NAME |
| Personal name |
Deitel, Paul J. |
| 942 ## - ADDED ENTRY ELEMENTS (KOHA) |
| Source of classification or shelving scheme |
|
| Koha item type |
Book |